000 00292nam a2200121Ia 4500
008 220204s9999 xx 000 0 und d
082 _a581.9(544.6)
_bSHI
100 _aShiva Sharma, B
245 0 _aFlora of North-East Rajasthan
260 _bKalyani
_c1979
700 _aTiagi
942 _cBK
999 _c32099
_d32099